| 000 | 00901cab a2200265 4500 | ||
|---|---|---|---|
| 001 | WB3138-02 | ||
| 008 | 090401t1995 xxu||||| |||| 00| 0 eng d | ||
| 035 | _a(Sirsi) u65635 | ||
| 041 | _aeng | ||
| 245 | _aConstruction code aims to cut conflict | ||
| 260 | _c1995 | ||
| 350 | _a0 | ||
| 490 |
_aFinancial Times _v12 October 1995, 11 |
||
| 490 |
_aConstruction News _v(6437) 19 October 1995, 4(2) |
||
| 520 | _aDiscusses a code of conduct which aims to reduce conflict, save money, and improve contractual relations. The initiative is called the `Commitment to Fair Construction Contracts` | ||
| 650 | _aCODE OF CONDUCT | ||
| 650 | _aCOMMITMENT TO FAIR CONSTRUCTION CONTRACTS | ||
| 650 | _aCONSTRUCTION INDUSTRY | ||
| 650 |
_aContracts _96232 |
||
| 650 | _aFAIR CONSTRUCTION CONTRACTS | ||
| 650 | _aLATHAM REFORMS | ||
| 690 | _aBUILT ENVIRONMENT | ||
| 942 | _n0 | ||
| 948 | _c04/03/1997 | ||
| 999 |
_c40949 _d40949 |
||